[Event "Copa Latina 2015"]
[Site "Vicente Lopez ARG"]
[Date "2015.03.23"]
[Round "6.10"]
[White "Molina, Roberto Junio Brito"]
[Black "Sosa, Tomas"]
[Result "1-0"]
[WhiteElo "2431"]
[BlackElo "2368"]
[PlyCount "97"]
[EventDate "2015.03.19"]
[EventType "swiss"]
[EventRounds "9"]
[EventCountry "ARG"]
[Source "lmi"]
[SourceDate "2015.03.19"]

1. e4 e5 2. Nf3 Nc6 3. Bb5 a6 4. Ba4 Nf6 5. O-O b5 6. Bb3 Bc5 7. Nxe5 Nxe5 8.
d4 Bxd4 9. Qxd4 d6 10. a4 Rb8 11. axb5 axb5 12. Bf4 O-O 13. f3 Qe8 14. Nc3 Nc6
15. Qd2 Be6 16. Nd5 Bxd5 17. exd5 Ne5 18. Rfe1 Nfd7 19. Qc3 Qc8 20. Be3 b4 21.
Qd2 Nf6 22. Bd4 Qf5 23. Ra4 Ng6 24. Rxb4 Nxd5 25. Rxb8 Rxb8 26. Ba7 Ra8 27.
Qxd5 Qxd5 28. Bxd5 Rxa7 29. Re8+ Nf8 30. b4 Ra4 31. b5 g5 32. g3 Rb4 33. c4 Kg7
34. Re7 Ne6 35. Bxe6 Kf6 36. Rxf7+ Kxe6 37. Rxc7 h5 38. Rh7 Rxc4 39. Rxh5 Rc5
40. Rh6+ Kf5 41. Rxd6 Rxb5 42. g4+ Ke5 43. Rg6 Kf4 44. Rf6+ Ke3 45. Kg2 Rb2+
46. Kg3 Rb1 47. Re6+ Kd4 48. h4 Kd5 49. Re3 1-0

[Event "Copa Latina 2015"]
[Site "Vicente Lopez ARG"]
[Date "2015.03.23"]
[Round "6.14"]
[White "Cuevas, Alex"]
[Black "Salinas Herrera, Pablo"]
[Result "0-1"]
[WhiteElo "2253"]
[BlackElo "2440"]
[PlyCount "38"]
[EventDate "2015.03.19"]
[EventType "swiss"]
[EventRounds "9"]
[EventCountry "ARG"]
[Source "lmi"]
[SourceDate "2015.03.19"]

1. Nf3 d5 2. g3 Bg4 3. Bg2 Nd7 4. d4 c6 5. O-O Ngf6 6. c4 e6 7. Nbd2 Be7 8. h3
Bh5 9. g4 Bg6 10. Nh4 Qc7 11. Nxg6 hxg6 12. e3 g5 13. e4 Nxe4 14. Nxe4 dxe4 15.
Qe2 f5 16. gxf5 exf5 17. f4 g4 18. hxg4 g6 19. g5 O-O-O 0-1

[Event "Copa Latina 2015"]
[Site "Vicente Lopez ARG"]
[Date "2015.03.23"]
[Round "6.24"]
[White "Muniz, Rafael"]
[Black "Siccardi, Pablo Daniel"]
[Result "1-0"]
[WhiteElo "2268"]
[BlackElo "2071"]
[PlyCount "65"]
[EventDate "2015.03.19"]
[EventType "swiss"]
[EventRounds "9"]
[EventCountry "ARG"]
[Source "lmi"]
[SourceDate "2015.03.19"]

1. e4 e6 2. d4 d5 3. e5 c5 4. c3 Qb6 5. Nf3 Bd7 6. Be2 Nc6 7. a3 a5 8. b3 Nh6
9. O-O cxd4 10. Bxh6 gxh6 11. cxd4 Rc8 12. Qd3 Na7 13. Qe3 Bb5 14. Bxb5+ Qxb5
15. Nbd2 Nc6 16. Rfc1 Bg7 17. Nf1 O-O 18. Ng3 Rc7 19. Nh5 Rfc8 20. Rc5 Qa6 21.
Rac1 Bf8 22. R5c3 Kh8 23. Nf6 Bg7 24. h3 Qb6 25. Qd3 Bxf6 26. exf6 Rg8 27. Qe3
Rd7 28. Qxh6 Rg6 29. Qf4 Rd8 30. Rxc6 bxc6 31. Ne5 Qb7 32. Nxg6+ fxg6 33. Qe5
1-0

[Event "Copa Latina 2015"]
[Site "Vicente Lopez ARG"]
[Date "2015.03.23"]
[Round "6.26"]
[White "Munoz, Francisco Javier"]
[Black "Dastugue, Raul"]
[Result "1-0"]
[WhiteElo "2259"]
[BlackElo "2054"]
[PlyCount "55"]
[EventDate "2015.03.19"]
[EventType "swiss"]
[EventRounds "9"]
[EventCountry "ARG"]
[Source "lmi"]
[SourceDate "2015.03.19"]

1. e4 c6 2. c4 d5 3. cxd5 cxd5 4. exd5 Nf6 5. Nc3 g6 6. Bc4 Bg7 7. Nf3 O-O 8.
O-O Nbd7 9. d3 a6 10. a4 Nb6 11. Qb3 Nxc4 12. dxc4 e6 13. Bf4 exd5 14. cxd5 Nh5
15. Bg5 Bf6 16. Bxf6 Qxf6 17. Rfe1 Nf4 18. Ne4 Qf5 19. Rad1 Bd7 20. Nh4 Qe5 21.
Nc5 Qc7 22. Qb4 Bg4 23. f3 Rfc8 24. Ne4 Bd7 25. Nf6+ Kg7 26. Qd4 Qc5 27. Nxd7+
Qxd4+ 28. Rxd4 1-0

[Event "Copa Latina 2015"]
[Site "Vicente Lopez ARG"]
[Date "2015.03.23"]
[Round "6.28"]
[White "Sztokbant, Bernardo Vainzoff"]
[Black "Luz, Arthur Nader"]
[Result "1-0"]
[WhiteElo "2237"]
[BlackElo "2049"]
[PlyCount "61"]
[EventDate "2015.03.19"]
[EventType "swiss"]
[EventRounds "9"]
[EventCountry "ARG"]
[Source "lmi"]
[SourceDate "2015.03.19"]

1. e4 c5 2. Nf3 d6 3. d4 cxd4 4. Nxd4 Nf6 5. Nc3 g6 6. Be2 Bg7 7. O-O Nc6 8.
Nb3 O-O 9. Bg5 a6 10. Re1 b5 11. Bf1 h6 12. Bh4 e6 13. Qd2 Qc7 14. Rad1 Rd8 15.
Bg3 Bf8 16. a3 Bb7 17. f4 Ne7 18. Bh4 Bg7 19. Qe2 Nh5 20. f5 Nf4 21. Qg4 g5 22.
Bxg5 Qb6+ 23. Kh1 exf5 24. Qxf4 hxg5 25. Qxg5 fxe4 26. Nxe4 Ng6 27. Nf6+ Kf8
28. Re8+ Rxe8 29. Nd7+ Kg8 30. Nxb6 Re5 31. Qg3 1-0

[Event "Copa Latina 2015"]
[Site "Vicente Lopez ARG"]
[Date "2015.03.23"]
[Round "6.29"]
[White "Aguilar, Andres"]
[Black "Aguero Arce, Matias"]
[Result "1-0"]
[WhiteElo "2236"]
[BlackElo "2035"]
[PlyCount "99"]
[EventDate "2015.03.19"]
[EventType "swiss"]
[EventRounds "9"]
[EventCountry "ARG"]
[Source "lmi"]
[SourceDate "2015.03.19"]

1. e4 c5 2. Nf3 Nc6 3. Nc3 g6 4. d4 cxd4 5. Nxd4 Bg7 6. Be3 d6 7. Qd2 Nf6 8. f3
h5 9. Bc4 a6 10. Bb3 Na5 11. O-O-O Nxb3+ 12. axb3 Bd7 13. h3 h4 14. f4 b5 15.
Qd3 b4 16. Na4 e6 17. Nf3 d5 18. exd5 Nxd5 19. Nb6 Bb5 20. Qe4 O-O 21. Nxa8
Qxa8 22. Bd4 Bh6 23. Ng5 Qc6 24. Qe5 f6 25. Qxe6+ Qxe6 26. Nxe6 Re8 27. Rhe1
Nxf4 28. Nxf4 Bxf4+ 29. Kb1 Rxe1 30. Rxe1 Kf7 31. Bc5 Be5 32. Bxb4 g5 33. c4
Bc6 34. Re2 Kg6 35. Kc2 Kf5 36. Kd3 Kg6 37. Bc3 Bc7 38. Bd4 a5 39. Bc3 Kf7 40.
b4 axb4 41. Bxb4 Be5 42. Bc3 Bc7 43. b4 f5 44. b5 Be4+ 45. Rxe4 fxe4+ 46. Kxe4
Ke6 47. c5 Bf4 48. b6 Kd7 49. Kd5 Kd8 50. c6 1-0

[Event "Copa Latina 2015"]
[Site "Vicente Lopez ARG"]
[Date "2015.03.23"]
[Round "6.30"]
[White "Flynn, Mariano"]
[Black "Uelf, Maximiliano"]
[Result "0-1"]
[WhiteElo "2033"]
[BlackElo "2207"]
[PlyCount "86"]
[EventDate "2015.03.19"]
[EventType "swiss"]
[EventRounds "9"]
[EventCountry "ARG"]
[Source "lmi"]
[SourceDate "2015.03.19"]

1. d4 d5 2. c4 e6 3. Nc3 c6 4. cxd5 exd5 5. e3 Bf5 6. Bd3 Bg6 7. Nge2 Bd6 8. e4
dxe4 9. Nxe4 Bxe4 10. Bxe4 Nf6 11. Bc2 O-O 12. O-O Re8 13. Qd3 Nbd7 14. Ng3
Bxg3 15. hxg3 Qa5 16. g4 h6 17. Bd2 Qd5 18. f3 c5 19. Bc3 cxd4 20. Qxd4 Qxd4+
21. Bxd4 Nd5 22. Rae1 N7b6 23. Kf2 Red8 24. Rd1 Nb4 25. Bb3 Nc6 26. Bc3 Nd7 27.
Rd5 Nb6 28. Rxd8+ Rxd8 29. Re1 Nd5 30. Be5 Ndb4 31. Bc4 Nxe5 32. Rxe5 Nd3+ 33.
Bxd3 Rxd3 34. Re8+ Kh7 35. Ke2 Rd7 36. Ke3 Kg6 37. Re4 Rd6 38. Rb4 b6 39. Rd4
Rc6 40. Kd3 Rc1 41. Rc4 Rd1+ 42. Kc3 Rg1 43. Rc7 Rc1+ 0-1

[Event "Copa Latina 2015"]
[Site "Vicente Lopez ARG"]
[Date "2015.03.23"]
[Round "6.31"]
[White "Avila, Lucas"]
[Black "Crotti, Lucas"]
[Result "1-0"]
[WhiteElo "2205"]
[BlackElo "2020"]
[PlyCount "79"]
[EventDate "2015.03.19"]
[EventType "swiss"]
[EventRounds "9"]
[EventCountry "ARG"]
[Source "lmi"]
[SourceDate "2015.03.19"]

1. e4 e6 2. d4 d5 3. Nd2 Nf6 4. e5 Nfd7 5. Bd3 c5 6. c3 Nc6 7. Ne2 a5 8. O-O a4
9. f4 g6 10. Nf3 Bg7 11. Be3 c4 12. Bc2 Nb6 13. a3 Bd7 14. g4 h6 15. Ng3 Ne7
16. h4 Qc7 17. f5 O-O-O 18. fxg6 fxg6 19. Qd2 Rdf8 20. Nh2 Be8 21. Kg2 Nc6 22.
Rxf8 Bxf8 23. Rf1 Bg7 24. Nf3 Qe7 25. Qd1 Nd8 26. Qb1 g5 27. hxg5 h5 28. gxh5
Bxh5 29. Nxh5 Rxh5 30. Rh1 Qf7 31. g6 Rxh1 32. Qxh1 Qf8 33. Qh5 Nc6 34. Bg5 Nd7
35. Qg4 Qe8 36. Bf4 b5 37. Ng5 Nf8 38. Nf7 Kd7 39. Bh6 Bxh6 40. Nxh6 1-0

[Event "Copa Latina 2015"]
[Site "Vicente Lopez ARG"]
[Date "2015.03.23"]
[Round "6.34"]
[White "Radoszta, Armando E"]
[Black "Seia, Diego"]
[Result "0-1"]
[WhiteElo "1994"]
[BlackElo "2189"]
[PlyCount "58"]
[EventDate "2015.03.19"]
[EventType "swiss"]
[EventRounds "9"]
[EventCountry "ARG"]
[Source "lmi"]
[SourceDate "2015.03.19"]

1. e4 c5 2. Nf3 Nc6 3. Nc3 Nf6 4. d4 cxd4 5. Nxd4 e5 6. Ndb5 d6 7. Bg5 a6 8.
Na3 b5 9. Nd5 Be7 10. Nxe7 Nxe7 11. Bxf6 gxf6 12. c4 f5 13. Bd3 bxc4 14. Qa4+
Bd7 15. Qxc4 fxe4 16. Qxe4 Bc6 17. Qh4 Qa5+ 18. Ke2 e4 19. Bxe4 Qe5 20. Nc4 Bb5
21. Rac1 d5 22. a4 Bxc4+ 23. Rxc4 dxc4 24. Re1 Ng6 25. Qh6 O-O-O 26. Kf1 Qd4
27. Qh3+ Kb8 28. Bf5 Rhe8 29. f3 Re7 0-1

[Event "Copa Latina 2015"]
[Site "Vicente Lopez ARG"]
[Date "2015.03.23"]
[Round "6.35"]
[White "Bernal, Lucas"]
[Black "Torres, Federico"]
[Result "1/2-1/2"]
[WhiteElo "1933"]
[BlackElo "2152"]
[PlyCount "56"]
[EventDate "2015.03.19"]
[EventType "swiss"]
[EventRounds "9"]
[EventCountry "ARG"]
[Source "lmi"]
[SourceDate "2015.03.19"]

1. d4 d5 2. Nf3 Nf6 3. c4 c6 4. Nc3 a6 5. c5 g6 6. Bf4 Nh5 7. Bg5 f6 8. Bh4 e5
9. dxe5 Bxc5 10. e3 Qb6 11. Qd2 g5 12. Na4 Qb4 13. Nxc5 Qxc5 14. Bg3 Nxg3 15.
hxg3 g4 16. Nh4 O-O 17. exf6 Rxf6 18. Rc1 Qe7 19. Qd4 Be6 20. Be2 Qg7 21. b4
Nd7 22. O-O Raf8 23. Bd3 Qg5 24. a4 Ne5 25. Be2 Rh6 26. b5 axb5 27. axb5 Qg7
28. bxc6 bxc6 1/2-1/2

[Event "Copa Latina 2015"]
[Site "Vicente Lopez ARG"]
[Date "2015.03.23"]
[Round "6.47"]
[White "Albistur, Damian"]
[Black "Montes De Oca, Juan"]
[Result "1-0"]
[WhiteElo "1860"]
[BlackElo "2071"]
[PlyCount "59"]
[EventDate "2015.03.19"]
[EventType "swiss"]
[EventRounds "9"]
[EventCountry "ARG"]
[Source "lmi"]
[SourceDate "2015.03.19"]

1. e4 d6 2. d4 Nf6 3. Nc3 g6 4. Be3 a6 5. Qd2 b5 6. Bd3 Bb7 7. a3 Nbd7 8. h3 c5
9. d5 Ne5 10. f4 Nxd3+ 11. cxd3 Rc8 12. Nf3 Qd7 13. O-O Bg7 14. Rac1 O-O 15. b4
cxb4 16. axb4 e6 17. dxe6 fxe6 18. Ne2 Kh8 19. Ned4 Rxc1 20. Rxc1 Nh5 21. Nb3
Bh6 22. Ng5 Bxg5 23. fxg5 e5 24. d4 Qf7 25. dxe5 dxe5 26. Nc5 Bc8 27. Qd6 Qg7
28. Nd3 Ng3 29. Rc7 Nxe4 30. Qc6 1-0

[Event "Copa Latina 2015"]
[Site "Vicente Lopez ARG"]
[Date "2015.03.23"]
[Round "6.49"]
[White "Anelli, Antonio"]
[Black "Zimmermann, Kleber Renato P"]
[Result "1/2-1/2"]
[WhiteElo "2060"]
[BlackElo "1946"]
[PlyCount "81"]
[EventDate "2015.03.19"]
[EventType "swiss"]
[EventRounds "9"]
[EventCountry "ARG"]
[Source "lmi"]
[SourceDate "2015.03.19"]

1. Nf3 Nf6 2. g3 g6 3. Bg2 c5 4. O-O Bg7 5. c4 O-O 6. d4 cxd4 7. Nxd4 Nc6 8.
Nc3 Nxd4 9. Qxd4 d6 10. Bd2 Be6 11. Qd3 Qc8 12. b3 Bh3 13. Rac1 Bxg2 14. Kxg2
Qc6+ 15. f3 Rac8 16. e4 a6 17. Be3 Rfe8 18. Nd5 Nxd5 19. exd5 Qd7 20. Bb6 e6
21. dxe6 Rxe6 22. Bg1 Rce8 23. Rfd1 Qc6 24. Rd2 Bh6 25. Rdc2 Be3 26. Bxe3 Rxe3
27. Qd4 h5 28. Rd2 R8e6 29. Qd5 Qb6 30. Qd4 Qc6 31. Rf2 Re1 32. Rd1 Rxd1 33.
Qxd1 Qe8 34. Qd5 Qc6 35. Qd4 Kf8 36. Rd2 Ke7 37. Kf2 Qc5 38. f4 Qxd4+ 39. Rxd4
Kd7 40. h3 Kc6 41. b4 1/2-1/2

[Event "Copa Latina 2015"]
[Site "Vicente Lopez ARG"]
[Date "2015.03.23"]
[Round "6.51"]
[White "Conde, Adrian"]
[Black "Maucci, Marcelo"]
[Result "1/2-1/2"]
[WhiteElo "2037"]
[BlackElo "1940"]
[PlyCount "39"]
[EventDate "2015.03.19"]
[EventType "swiss"]
[EventRounds "9"]
[EventCountry "ARG"]
[Source "lmi"]
[SourceDate "2015.03.19"]

1. d4 Nf6 2. c4 e6 3. Nc3 Bb4 4. f3 d5 5. a3 Bxc3+ 6. bxc3 c5 7. cxd5 Nxd5 8.
dxc5 Qa5 9. e4 Ne7 10. Be3 O-O 11. Qb3 Qc7 12. Rb1 Nd7 13. Bb5 Nxc5 14. Qb4 b6
15. Ne2 Nc6 16. Qb2 Ne5 17. Bxc5 Qxc5 18. Qb4 Qc7 19. O-O Bd7 20. Bxd7 1/2-1/2

[Event "Copa Latina 2015"]
[Site "Vicente Lopez ARG"]
[Date "2015.03.23"]
[Round "6.55"]
[White "Ulloa, Gabriel"]
[Black "Souza, Rafael Cabral De"]
[Result "0-1"]
[WhiteElo "1986"]
[BlackElo "2194"]
[PlyCount "119"]
[EventDate "2015.03.19"]
[EventType "swiss"]
[EventRounds "9"]
[EventCountry "ARG"]
[Source "lmi"]
[SourceDate "2015.03.19"]

1. e4 c5 2. Nf3 Nc6 3. d4 cxd4 4. Nxd4 g6 5. c4 Nf6 6. Nc3 d6 7. Be2 Nxd4 8.
Qxd4 Bg7 9. O-O O-O 10. Qd3 Be6 11. Rb1 Nd7 12. Nd5 Nc5 13. Qc2 Re8 14. f3 Bd7
15. Be3 a5 16. Rbd1 a4 17. Qd2 Bc6 18. Bd4 Bxd4+ 19. Qxd4 e5 20. Qc3 Ne6 21.
Ne3 Nd4 22. Rxd4 exd4 23. Qxd4 Qg5 24. Ng4 Re6 25. f4 Qc5 26. Qxc5 dxc5 27. e5
Rd8 28. Rd1 Rxd1+ 29. Bxd1 b5 30. cxb5 Bxb5 31. Bf3 Rb6 32. Bd5 Bc6 33. Nf6+
Kg7 34. Bxc6 Rxc6 35. Nd5 a3 36. bxa3 Ra6 37. Kf2 Rxa3 38. h3 h5 39. g4 Rxh3
40. gxh5 Rxh5 41. Ke3 Rh3+ 42. Ke4 Ra3 43. Ne3 Rxa2 44. Kd5 Re2 45. Nc4 Rf2 46.
Ke4 f5+ 47. Ke3 Rc2 48. Kd3 Rf2 49. Ke3 Rh2 50. Nd6 Rh3+ 51. Ke2 Rb3 52. Nc4
Kf7 53. Nd2 Rc3 54. Nb1 Rh3 55. Nd2 Ke6 56. Nf3 Rg3 57. Nd2 g5 58. fxg5 Kxe5
59. Nc4+ Kd4 60. Nd6 0-1

[Event "Copa Latina 2015"]
[Site "Vicente Lopez ARG"]
[Date "2015.03.23"]
[Round "6.57"]
[White "Fernandez Rodriguez, Antonio"]
[Black "Fiori, Hector"]
[Result "0-1"]
[WhiteElo "1905"]
[BlackElo "2136"]
[PlyCount "40"]
[EventDate "2015.03.19"]
[EventType "swiss"]
[EventRounds "9"]
[EventCountry "ARG"]
[Source "lmi"]
[SourceDate "2015.03.19"]

1. e4 c6 2. d4 d5 3. Nc3 dxe4 4. Nxe4 Bf5 5. Ng3 Bg6 6. Bc4 e6 7. N1e2 Qh4 8.
Bf4 Nf6 9. Qd2 h6 10. Be5 Nbd7 11. Nf4 Nxe5 12. dxe5 Rd8 13. Qe3 Ng4 14. Qe2
Bc5 15. Nxg6 fxg6 16. Ne4 Nxf2 17. g3 Qxe4 18. Qxe4 Nxe4 19. Bxe6 Ng5 20. Bg4
O-O 0-1

[Event "Copa Latina 2015"]
[Site "Vicente Lopez ARG"]
[Date "2015.03.23"]
[Round "6.74"]
[White "E04, Pablo"]
[Black "Ferrero, Luis"]
[Result "0-1"]
[WhiteElo "1912"]
[BlackElo "1635"]
[PlyCount "94"]
[EventDate "2015.03.19"]
[EventType "swiss"]
[EventRounds "9"]
[EventCountry "ARG"]
[Source "lmi"]
[SourceDate "2015.03.19"]

1. d4 e6 2. Nf3 Nf6 3. g3 d5 4. Bg2 Be7 5. O-O O-O 6. b3 b6 7. c4 c6 8. Bb2
Nbd7 9. Nbd2 Bb7 10. Qc2 Rc8 11. e4 dxe4 12. Nxe4 Nxe4 13. Qxe4 Nf6 14. Qc2 Qc7
15. c5 Rfd8 16. a3 Nd5 17. Rfe1 Rb8 18. h4 h6 19. h5 Bf6 20. Ne5 Bxe5 21. Rxe5
Bc8 22. Rc1 Bd7 23. Bf3 Qb7 24. Bxd5 cxd5 25. b4 Bb5 26. a4 Bc4 27. b5 a6 28.
bxa6 Qxa6 29. cxb6 Qxb6 30. Bc3 Bb3 31. Qd2 Bxa4 32. Ba5 Qd6 33. Bxd8 Qxd8 34.
Ra1 Bb3 35. Re3 Bc4 36. Rea3 Qe8 37. Qf4 Bb5 38. Ra7 Rc8 39. R1a5 Bd7 40. Ra3
e5 41. dxe5 Be6 42. g4 Qd8 43. Rb7 Rc4 44. Qe3 Rxg4+ 45. Kf1 Re4 46. Qd3 Qh4
47. Rb8+ Kh7 0-1

[Event "Copa Latina 2015"]
[Site "Vicente Lopez ARG"]
[Date "2015.03.23"]
[Round "6.11"]
[White "Felgaer, Ruben"]
[Black "Mayorga, Nicolas"]
[Result "1-0"]
[WhiteElo "2580"]
[BlackElo "2325"]
[PlyCount "101"]
[EventDate "2015.03.19"]
[EventType "swiss"]
[EventRounds "9"]
[EventCountry "ARG"]
[Source "lmi"]
[SourceDate "2015.03.19"]

1. e4 c5 2. Nc3 d6 3. Nge2 Nf6 4. g3 g6 5. d4 cxd4 6. Nxd4 Bg7 7. Bg2 O-O 8.
O-O Nc6 9. Nde2 Bd7 10. h3 Rc8 11. a4 Na5 12. Re1 a6 13. Nd5 Nc4 14. Ra2 Bc6
15. b3 Ne5 16. Bg5 Ned7 17. c4 h6 18. Bf4 b6 19. Rd2 Ne8 20. Be3 Ba8 21. f4 e6
22. Ndc3 e5 23. f5 Ndf6 24. g4 Qc7 25. Ng3 Nh7 26. Rd3 Rd8 27. Qd2 g5 28. Rd1
Bf6 29. Rc1 Rc8 30. Qf2 Bd8 31. Qd2 Nhf6 32. Qd1 Qb8 33. Rd2 Nd7 34. Bf3 f6 35.
Bf2 Rf7 36. Nf1 Rh7 37. Kg2 Be7 38. Ne3 Nc7 39. b4 Rd8 40. Qb3 Rf7 41. Qa2 Kg7
42. Rcd1 Qc8 43. a5 Qb8 44. axb6 Nxb6 45. Rb2 Rff8 46. Ncd5 Nbxd5 47. exd5 Bb7
48. Qa5 Rd7 49. c5 Bc8 50. c6 Rdd8 51. Be2 1-0

[Event "Copa Latina 2015"]
[Site "Vicente Lopez ARG"]
[Date "2015.03.23"]
[Round "6.13"]
[White "Rodriguez Vila, Andres"]
[Black "Acosta, Pablo Ismael"]
[Result "0-1"]
[WhiteElo "2492"]
[BlackElo "2304"]
[PlyCount "98"]
[EventDate "2015.03.19"]
[EventType "swiss"]
[EventRounds "9"]
[EventCountry "ARG"]
[Source "lmi"]
[SourceDate "2015.03.19"]

1. e4 c5 2. Nc3 d6 3. f4 Nc6 4. Nf3 g6 5. Bc4 Bg7 6. O-O e6 7. f5 exf5 8. Qe1
Nge7 9. d3 h6 10. Qh4 Be6 11. Nd5 Qd7 12. Nf6+ Bxf6 13. Qxf6 O-O-O 14. Bb3 Bxb3
15. axb3 Qe6 16. Qc3 fxe4 17. dxe4 Qxe4 18. Re1 Qf5 19. Qc4 Nd5 20. c3 g5 21.
Rf1 Nb6 22. Qb5 Qd5 23. Be3 Rhe8 24. Bf2 Kc7 25. Rfd1 Qe4 26. Bg3 Qe3+ 27. Kh1
a6 28. Qf1 Qe2 29. Qg1 Qe3 30. Bf2 Qe6 31. b4 Nd5 32. bxc5 dxc5 33. Bg3+ Kc8
34. Qxc5 Nf4 35. Bxf4 Rxd1+ 36. Rxd1 gxf4 37. h3 Rd8 38. Re1 Qd5 39. Qf2 f6 40.
Qh4 Ne5 41. Rf1 Qd3 42. Nh2 b5 43. Qxf4 Qe2 44. Qxf6 Rd2 45. Qf8+ Kc7 46. Qg7+
Kc6 47. Qxh6+ Kc5 48. c4 Nxc4 49. Qg5+ Kb4 0-1

[Event "Copa Latina 2015"]
[Site "Vicente Lopez ARG"]
[Date "2015.03.23"]
[Round "6.17"]
[White "Pierrot, Facundo"]
[Black "Tokman, Ariel"]
[Result "1/2-1/2"]
[WhiteElo "2380"]
[BlackElo "2320"]
[PlyCount "130"]
[EventDate "2015.03.19"]
[EventType "swiss"]
[EventRounds "9"]
[EventCountry "ARG"]
[Source "lmi"]
[SourceDate "2015.03.19"]

1. d4 d5 2. c4 c6 3. Nf3 Nf6 4. Nc3 a6 5. e3 b5 6. b3 Bg4 7. Be2 e6 8. O-O Be7
9. h3 Bh5 10. Bb2 O-O 11. g4 Bg6 12. Ne5 Bd6 13. Nxg6 hxg6 14. Bf3 Nbd7 15. Bg2
g5 16. Rc1 Re8 17. c5 Bb8 18. f4 Nf8 19. Qd3 Ng6 20. Ne2 Nh7 21. Bc3 Qf6 22.
Bd2 Ra7 23. Bh1 Nhf8 24. Ng3 Qd8 25. Nh5 Rd7 26. Rc2 f6 27. Bc1 e5 28. fxg5 e4
29. Qd1 fxg5 30. Rcf2 Ree7 31. Bd2 Qc7 32. Be1 Rf7 33. Qe2 Nh4 34. Rxf7 Rxf7
35. Bg3 Rxf1+ 36. Qxf1 Qc8 37. Be1 Qd7 38. Ng3 Qc7 39. Qf2 Nfg6 40. Nf1 Qf7 41.
Qxf7+ Kxf7 42. Nd2 Ne7 43. Nb1 Bc7 44. a4 Ke6 45. Kf2 Nhg6 46. Bg2 Nh4 47. Bf1
Nf3 48. Bc3 Bh2 49. Na3 Bg1+ 50. Ke2 Kd7 51. Nc2 Kc7 52. Ba5+ Kb7 53. Bd8 Ng6
54. Bg2 Ngh4 55. Kf1 Bh2 56. Bxf3 Nxf3 57. axb5 axb5 58. Kg2 Bc7 59. Be7 Ba5
60. b4 Bc7 61. Kf2 Bh2 62. Kg2 Bc7 63. Kf2 Kc8 64. Ne1 Nxe1 65. Kxe1 Bg3+
1/2-1/2

[Event "Copa Latina 2015"]
[Site "Vicente Lopez ARG"]
[Date "2015.03.23"]
[Round "6.18"]
[White "Di Giannantonio, Nino"]
[Black "Penafiel, Horacio"]
[Result "1-0"]
[WhiteElo "2358"]
[BlackElo "2233"]
[PlyCount "171"]
[EventDate "2015.03.19"]
[EventType "swiss"]
[EventRounds "9"]
[EventCountry "ARG"]
[Source "lmi"]
[SourceDate "2015.03.19"]

1. e4 c5 2. Nf3 e6 3. c3 d5 4. exd5 Qxd5 5. d4 Nf6 6. Na3 Nc6 7. Be3 cxd4 8.
Nb5 Qd8 9. Nbxd4 Nd5 10. Bg5 Be7 11. Nxc6 bxc6 12. Bxe7 Qxe7 13. Qd4 O-O 14.
O-O-O c5 15. Qe5 Bb7 16. Bd3 Rab8 17. Rhe1 Nf6 18. Qf4 Bd5 19. c4 Qb7 20. Rd2
Bc6 21. Ne5 Rbd8 22. Nxc6 Qxc6 23. Bf1 Rxd2 24. Qxd2 Qc7 25. Rd1 Qxh2 26. Qe3
Ng4 27. Qxc5 Qf4+ 28. Rd2 Rd8 29. Qe3 Qf6 30. Rxd8+ Qxd8 31. Qxa7 g6 32. Be2
Qg5+ 33. Kc2 Qf5+ 34. Bd3 Qf4 35. Qa8+ Kg7 36. Qf3 Qd4 37. Be2 Nf6 38. Qe3 Qd6
39. c5 Qc6 40. Qc3 Qe4+ 41. Bd3 Qxg2 42. Qd4 e5 43. Qxe5 Qxf2+ 44. Kc3 Qf3 45.
b4 Qd1 46. Kc4 Qa4 47. Qb2 Qc6 48. Kb3 Qd5+ 49. Bc4 Qd1+ 50. Qc2 Qf3+ 51. Qc3
Qd1+ 52. Kb2 Qg1 53. Bd5 Qf2+ 54. Kb3 Kg8 55. Bf3 Ne8 56. a4 Nc7 57. b5 Ne6 58.
Kb4 Qh4+ 59. Ka5 Qd8+ 60. b6 Nd4 61. c6 Qa8+ 62. Kb4 Qf8+ 63. Kc4 Ne6 64. c7
Qc5+ 65. Kd3 Nf4+ 66. Kc2 Qf2+ 67. Qd2 Qc5+ 68. Qc3 Qf2+ 69. Qd2 Qc5+ 70. Kd1
Qg1+ 71. Kc2 Qc5+ 72. Qc3 Qf2+ 73. Kc1 Qg1+ 74. Bd1 Ne2+ 75. Kd2 Nxc3 76. c8=Q+
Kg7 77. Qxc3+ Kg8 78. a5 Qg5+ 79. Kc2 Qf5+ 80. Kb2 Qb5+ 81. Qb3 Qe5+ 82. Qc3
Qb5+ 83. Bb3 Qe2+ 84. Ka3 Qb5 85. Bxf7+ Kf8 86. Qb4+ 1-0

[Event "Copa Latina 2015"]
[Site "Vicente Lopez ARG"]
[Date "2015.03.23"]
[Round "6.19"]
[White "Perez Gormaz, Matias"]
[Black "Pernas, Agustin"]
[Result "1-0"]
[WhiteElo "2349"]
[BlackElo "2048"]
[PlyCount "80"]
[EventDate "2015.03.19"]
[EventType "swiss"]
[EventRounds "9"]
[EventCountry "ARG"]
[Source "lmi"]
[SourceDate "2015.03.19"]

1. e4 c5 2. Nf3 Nc6 3. Bb5 g6 4. O-O Bg7 5. Re1 Nf6 6. Nc3 a6 7. Bxc6 dxc6 8.
h3 O-O 9. e5 Nd5 10. Ne4 b6 11. d3 Bf5 12. Ng3 Qd7 13. Bd2 Rad8 14. a3 a5 15.
Nxf5 Qxf5 16. Re4 f6 17. Qe2 fxe5 18. Nxe5 Rd6 19. Ng4 g5 20. Rb1 h5 21. Ne3
Nxe3 22. Bxe3 Rh6 23. Rxe7 Rh7 24. Re4 g4 25. hxg4 Qd5 26. gxh5 Rxh5 27. Qg4
Rff5 28. Qg6 Re5 29. Rxe5 Qxe5 30. Bf4 Qe2 31. Be3 Re5 32. Bh6 Re7 33. Bxg7
Rxg7 34. Qe4 Qd2 35. Re1 Rf7 36. Qe8+ Kg7 37. Qe2 Qh6 38. Qe5+ Kf8 39. Re3 c4
40. Qe8+ Kg7 1-0

[Event "Copa Latina 2015"]
[Site "Vicente Lopez ARG"]
[Date "2015.03.23"]
[Round "6.20"]
[White "Moreda, Lucas"]
[Black "Arias, Juan Cruz"]
[Result "1-0"]
[WhiteElo "2333"]
[BlackElo "2006"]
[PlyCount "109"]
[EventDate "2015.03.19"]
[EventType "swiss"]
[EventRounds "9"]
[EventCountry "ARG"]
[Source "lmi"]
[SourceDate "2015.03.19"]

1. e4 e6 2. d4 d5 3. Nc3 Nf6 4. e5 Nfd7 5. f4 c5 6. Nf3 Nc6 7. Be3 Be7 8. Be2
O-O 9. O-O b6 10. a3 f6 11. Bb5 Bb7 12. f5 cxd4 13. Bxd4 Nxd4 14. fxe6 Nxe5 15.
Nxd4 Bc5 16. Nce2 Qd6 17. b4 Bxd4+ 18. Nxd4 Bc8 19. Nf5 Qxe6 20. Qxd5 Qxd5 21.
Ne7+ Kf7 22. Nxd5 Bb7 23. Rae1 Bxd5 24. Rxe5 Ba2 25. Re2 Rac8 26. Rfe1 Rc7 27.
c4 Bb3 28. Rb2 a6 29. Bxa6 Ba4 30. Rd2 Ra8 31. b5 Rb8 32. Re4 Bb3 33. Re3 Ba4
34. Rc3 Ke7 35. Rd4 Rc5 36. Re3+ Kf8 37. Kf2 Re8 38. Rxe8+ Kxe8 39. Ke3 Ke7 40.
Kd2 Ke6 41. Kc3 Re5 42. Bc8+ Ke7 43. Bb7 Re3+ 44. Kb4 Bc2 45. c5 Rb3+ 46. Kc4
Rxa3 47. cxb6 Ra4+ 48. Kc3 Rxd4 49. Kxd4 Kd6 50. Be4 Ba4 51. Kc4 g6 52. Kb4 Bd1
53. Ka5 Kd7 54. Ka6 Kc8 55. Ka7 1-0

[Event "Copa Latina 2015"]
[Site "Vicente Lopez ARG"]
[Date "2015.03.23"]
[Round "6.25"]
[White "Lopez, Diego"]
[Black "Leon, Juan Carlos"]
[Result "1/2-1/2"]
[WhiteElo "2102"]
[BlackElo "2265"]
[PlyCount "147"]
[EventDate "2015.03.19"]
[EventType "swiss"]
[EventRounds "9"]
[EventCountry "ARG"]
[Source "lmi"]
[SourceDate "2015.03.19"]

1. Nf3 Nf6 2. c4 e6 3. g3 d5 4. Bg2 dxc4 5. Qa4+ Bd7 6. Qxc4 Bc6 7. O-O Nbd7 8.
d4 Be7 9. Bf4 O-O 10. Nbd2 Bd6 11. Bxd6 cxd6 12. Qb4 d5 13. a4 a5 14. Qa3 Qb6
15. Rfc1 Rfe8 16. e3 h6 17. Rc2 Nb8 18. Ne5 Na6 19. Rac1 Nb4 20. Rc3 Nd7 21.
Nxd7 Bxd7 22. Nf3 f6 23. b3 Rac8 24. Rxc8 Rxc8 25. Rxc8+ Bxc8 26. Qc1 Qc6 27.
Qxc6 bxc6 28. Bf1 Kf7 29. Ne1 e5 30. Nd3 Nxd3 31. Bxd3 Bg4 32. Bc2 Ke7 33. Kg2
Kd6 34. f3 Bd7 35. Kf2 c5 36. dxe5+ fxe5 37. Ke2 g5 38. Kd2 Be6 39. Bd3 Bd7 40.
Bc2 d4 41. Bd3 Bc6 42. e4 Bb7 43. Ke2 Bc8 44. Kf1 Bd7 45. Bc4 Be8 46. Kg2 Bc6
47. Kh3 Bd7+ 48. Kg2 Bc8 49. Kf2 Bb7 50. Bd3 Bc6 51. Ke2 h5 52. h4 g4 53. fxg4
hxg4 54. Kd2 Ke7 55. Bc2 Bb7 56. Kd3 Ba6+ 57. Kd2 c4 58. bxc4 Bxc4 59. Bd3 Be6
60. Bb5 Bb3 61. Kd3 Ba2 62. Kd2 Kd6 63. Kc2 Ke7 64. Be2 Be6 65. Bb5 Kd6 66. Kb2
Bf7 67. Kc2 Bg6 68. Kd3 Kc7 69. Bc4 Kd6 70. Bd5 Be8 71. Bb3 Bd7 72. Bd1 Be8 73.
Bb3 Bd7 74. Bd1 1/2-1/2